|
|
|
|
| LEADER |
00000nam0a2200000 4500 |
| 001 |
263970 |
| 005 |
20231101233804.0 |
| 010 |
|
|
|a 5785500701
|
| 035 |
|
|
|a (RuTPU)RU\TPU\book\286961
|
| 090 |
|
|
|a 263970
|
| 100 |
|
|
|a 20140616d1988 k y0rusy50 ca
|
| 101 |
0 |
|
|a rus
|
| 102 |
|
|
|a BY
|
| 105 |
|
|
|a a z 001zy
|
| 200 |
1 |
|
|a Техника фотометрии высокого амплитудного разрешения
|f Е. С. Воропай, П. А. Торпачев
|
| 210 |
|
|
|a Минск
|c Университетское
|d 1988
|
| 215 |
|
|
|a 208 с.
|c ил.
|
| 320 |
|
|
|a Библиогр.: с. 196-208.
|
| 606 |
1 |
|
|a Фотометрия прикладная
|2 stltpush
|3 (RuTPU)RU\TPU\subj\64250
|9 81159
|
| 606 |
1 |
|
|a Фотометры
|2 stltpush
|3 (RuTPU)RU\TPU\subj\64253
|9 81162
|
| 610 |
1 |
|
|a высокое разрешение
|
| 610 |
1 |
|
|a амплитудное разрешение
|
| 610 |
1 |
|
|a источники излучения
|
| 610 |
1 |
|
|a фотометрические методы
|
| 610 |
1 |
|
|a фотометрические схемы
|
| 610 |
1 |
|
|a электрические сигналы
|
| 610 |
1 |
|
|a преобразование
|
| 610 |
1 |
|
|a измерение
|
| 610 |
1 |
|
|a повышение
|
| 675 |
|
|
|a 535.24
|v 3
|
| 675 |
|
|
|a 681.785
|v 3
|
| 700 |
|
1 |
|a Воропай
|b Е. С.
|g Евгений Семенович
|
| 701 |
|
1 |
|a Торпачев
|b П. А.
|g Петр Алексеевич
|
| 801 |
|
1 |
|a RU
|b 63413507
|c 20140616
|
| 801 |
|
2 |
|a RU
|b 63413507
|c 20150520
|g RCR
|
| 942 |
|
|
|c BK
|